000 00960nam a2200241 a 4500
001 000039100
003 DO-SdBNP
005 20231121122548.0
008 130521s1978 dr 000 0 spa d
040 _aDO-SdBNP
_bspa
_cBNPHU
082 4 _a330.97293
_bC748r
_222
111 2 _aConferencia Nacional de Cuadros
_n(2 :
_d1978 :
_cSanto Domingo)
_965314
245 1 0 _aRepública Dominicana :
_bcapitalismo dependiente y alternativas politicas.
250 _a2a. ed.
260 _aSanto Domingo :
_bEdiciones Socialistas,
_c1978.
300 _a183 p. ;
_c22 cm.
590 _aInventariado, 2018/ YL
651 4 _aRepública Dominicana
_xCondiciones Económicas
_xCongresos, Conferencias, Etc.
_98547
651 4 _aRepública Dominicana
_xCondiciones sociales
_xCongresos, conferencias, etc.
_918692
651 4 _aRepública Dominicana
_xPolítica y gobierno
_xCongresos, conferencias, etc.
_913070
910 _aValidado. Control de calidad MFF
942 _2ddc
_cLBS1
999 _c38590
_d38590